Lei de responsabilidade fiscal : (Record no. 1291)

MARC details
000 -LÍDER
Campo Fixo de Controle 01140nam a2200313 a 4500
001 - NÚMERO DE CONTROLE
Campo de Controle 1291
003 - IDENTIFICAÇÃO DO NÚMERO DE CONTROLE
Campo de Controle BR-CuiBMT
005 - DATA E HORA DA ÚLTIMA ATUALIZAÇÃO
Campo de Controle 20231204192950.0
008 - DADOS FIXOS
Dados Fixos 230927s2012 mgba 001 0 por d
020 ## - INTERNATIONAL STANDARD BOOK NUMBER
Nº do ISBN 9788577005468
040 ## - AGÊNCIA CATALOGADORA
Código da Agência Catalogadora BR-CuiBMT
Agência que transcreveu o registro BR-CuiBMT
080 ## - Nº DA CLASSIFICAÇÃO DECIMAL UNIVERSAL
Nº Class. CDU 351.72
Nº edição CDU 2007
090 ## - NÚMERO DE CHAMADA
Nº classificação 351.72
Cutter B823l
Ano/Edição 4. ed.
110 1# - ENTRADA PRINCIPAL -- ENTIDADE
Nome da entidade ou lugar Brasil
240 00 - TÍTULO UNIFORME/ORIGINAL
Título original [Lei de responsabilidade fiscal (2000)]
245 10 - TÍTULO PRINCIPAL
Título principal Lei de responsabilidade fiscal :
Subtítulo Lei complementar n. 101, de 04 de maio de 2000 /
Indicação de responsabilidade organização: Jorge Ulisses Jacoby Fernandes.
250 ## - EDIÇÃO
Edição 4. ed., rev., atual. e ampl.
260 ## - PUBLICAÇÃO, DISTRIBUIÇÃO, ETC.
Local de publicação Belo Horizonte :
Editora Fórum,
Data 2012.
300 ## - DESCRIÇÃO FÍSICA
N. páginas ou volumes 279 p. ;
Ilustrações il. :
Dimensões 13 cm
490 1# - INDICAÇÃO DE SÉRIE
Título da série Coleção Jacoby de direito público ;
Volume/designação sequencial da série v. 2
500 ## - NOTAS GERAIS
Notas gerais Inclui índice.
650 ## - ASSUNTO TÓPICO
Cabeçalho tópico ou nome geográfico Lei de responsabilidade fiscal
Subdivisão cronológica (2000)
Subdivisão geográfica Brasil
650 ## - ASSUNTO TÓPICO
Cabeçalho tópico ou nome geográfico Administração pública
Subdivisão geral Responsabilidade tributária
Subdivisão geográfica Brasil
650 ## - ASSUNTO TÓPICO
Cabeçalho tópico ou nome geográfico Administração pública
Subdivisão geral Controle
650 ## - ASSUNTO TÓPICO
Cabeçalho tópico ou nome geográfico Finanças públicas
Subdivisão de forma Legislação
700 1# - ENTRADA SECUNDÁRIA -- NOME PESSOAL
Nome pessoal Fernandes, Jorge Ulisses Jacoby
Cód. do termo explicativo org.
830 #0 - ENTRADA SECUNDÁRIA DE SÉRIE -- TÍTULO UNIFORME
Título uniforme Coleção Jacoby de direito público ;
Nº do volume/designação sequencial da série 2
942 ## - ELEMENTOS DE ENTRADA ADICIONAIS (KOHA)
Fonte de classificação ou esquema de arquivamento Classificação Decimal Universal
Tipo de item do Koha Livros
Holdings
Estado: removido Estado: perdido Fonte de classificação ou esquema de arquivamento Estado: danificado Indisponível para empréstimo Localização permanente Localização atual Data de aquisição Total Checkouts Número de Chamada completo Código de barras Date last seen Número do exemplar Preço efetivo a partir de Tipo de item (Koha)
    Classificação Decimal Universal     Biblioteca da Escola Superior de Contas do TCE/MT Biblioteca da Escola Superior de Contas do TCE/MT 04/12/2023   351.72 B823l 4. ed. BIBTCEMT23120115 04/12/2023 Ex. 1 04/12/2023 Livros

Powered by Koha